[Event "PCA-World Championship"]
[Site "London"]
[Date "1993.10.14"]
[Round "17"]
[White "Kasparov, Garry"]
[Black "Short, Nigel D"]
[Result "1/2-1/2"]
[WhiteElo "2805"]
[BlackElo "2655"]
[Annotator "Ftacnik"]
[PlyCount "81"]
[EventDate "1993.09.??"]
[EventType "match"]
[EventRounds "20"]
[EventCountry "ENG"]
[Source "ChessBase"]

1. e4 e5 2. Nf3 Nc6 3. d4 exd4 4. Nxd4 Bc5 5. Nxc6 Qf6 6. Qd2 dxc6 7. Nc3 Be6
8. Na4 Rd8 9. Bd3 Bd4 10. O-O a6 (10... Ne7) 11. Nc3 Ne7 12. Ne2 Bb6 (12...
Bxb2 $6 13. Bxb2 Qxb2 14. Rab1 Qxa2 15. Rxb7 (15. Qc3 Rxd3 $1) 15... O-O 16.
Rxc7 Rfe8 $2 17. Qb4 a5 18. Qc5 Bd7 19. Nc3 Qe6 20. Ra1 $16) 13. Qf4 Ng6 $6 14.
Qxf6 gxf6 15. Ng3 h5 16. Be2 h4 17. Nf5 Bxf5 18. exf5 Ne5 19. Re1 Kf8 20. Bf4
$6 (20. Kf1) (20. a4 $5 {/\ Ra3}) 20... Rd4 21. g3 Kg7 22. Rad1 Re4 23. Kg2
hxg3 24. hxg3 $2 (24. Bxg3 $1) 24... Bxf2 $1 25. Kxf2 Rh2+ 26. Kf1 Rexe2 27.
Rxe2 Rh1+ 28. Kf2 Rxd1 29. b3 (29. Bxe5 $2 fxe5 30. Rxe5 Ra1 31. a3 Ra2 $17)
29... Rd7 30. Rd2 $1 (30. Bxe5 $6 fxe5 31. Rxe5 Kf6 32. Rc5 Kg5 $17) 30...
Rxd2+ 31. Bxd2 c5 32. Ke3 c6 33. Ke4 c4 34. b4 b5 35. Bf4 Nd7 36. Kd4 Kf8 37.
Bc7 Ke7 38. g4 Kf8 39. Bd6+ Kg7 40. Bc7 Kf8 41. a3 1/2-1/2